Un grano de maíz /
Guardat en:
| Autors principals: | , |
|---|---|
| Format: | Desconegut |
| Idioma: | Spanish |
| Publicat: |
La Habana, Cuba :
Oficina de Publicaciones del Consejo de Estado,
1992.
|
| Matèries: | |
| Etiquetes: |
Afegir etiqueta
Sense etiquetes, Sigues el primer a etiquetar aquest registre!
|
MARC
| LEADER | 000000000a22000000004500 | ||
|---|---|---|---|
| 001 | 001768 | ||
| 041 | 0 | |a spa | |
| 082 | 0 | 4 | |a 320.972.91 |b C355u |
| 100 | 1 | |a Castro, Fidel, |d 1926- | |
| 100 | 1 | |a Borge, Tomás, |d 1930- | |
| 245 | 1 | 3 | |a Un grano de maíz / |c Fidel Castro, Tomás Borge. |
| 260 | 1 | |a La Habana, Cuba : |b Oficina de Publicaciones del Consejo de Estado, |c 1992. | |
| 300 | |a 305 páginas | ||
| 650 | 4 | |a CASTRO, FIDEL, 1926- | |
| 650 | 4 | |a ENTREVISTAS | |
| 650 | 4 | |a POLITICA MUNDIAL | |
| 650 | 4 | |a JEFES DE ESTADO | |
| 650 | 4 | |a CUBA | |
| 650 | 4 | |a POLITICA Y GOBIERNO | |
| 650 | 4 | |a CONDICIONES SOCIALES | |
| 650 | 4 | |a AMERICA LATINA | |
| 999 | |c 8437 |d 8437 | ||
| 942 | |c BK |h 320.972.91 C355u |2 z | ||
